Tax allowances for reasonable adjustments (Record no. 118114)

MARC details
000 -LEADER
fixed length control field 01281cam a2200253 4500
001 - CONTROL NUMBER
control field WB@3612-837
008 - FIXED-LENGTH DATA ELEMENTS--GENERAL INFORMATION
fixed length control field 041004n2004 000 0 eng u
035 ## - SYSTEM CONTROL NUMBER
System control number (Sirsi) u127616
245 ## - TITLE STATEMENT
Title Tax allowances for reasonable adjustments
260 ## - PUBLICATION, DISTRIBUTION, ETC.
Date of publication, distribution, etc. 2004
490 ## - SERIES STATEMENT
Series statement Inland Revenue Press Release
Volume/sequential designation 1 October 2004 (2)
520 ## - SUMMARY, ETC.
Summary, etc. The Inland Revenue has published new guidance on tax allowances for businesses making their premises more accessible to disabled people. The guidance clarifies the reliefs relating to the most common types of reasonable adjustments that businesses must make to comply fully with the provisions of the Disability Discrimination Act 1995 from 1 October 2004. The guidance is available at http://www.inlandrevenue.gov.uk/specialist/disabil ity-act-guidance.htm. http://www.gnn.gov.uk/environment/detail.asp?Relea seID=131095&NewsAreaID=2&NavigatedFromDepartment=T rue
590 ## - LOCAL NOTE (RLIN)
Local note WB
590 ## - LOCAL NOTE (RLIN)
Local note WB
650 ## - SUBJECT ADDED ENTRY--TOPICAL TERM
Topical term or geographic name entry element MANAGEMENT-BUSINESS MANAGEMENT-DISCRIMINATION-DISABILITY DISCRIMINATION-ACCESSIBILITY
650 ## - SUBJECT ADDED ENTRY--TOPICAL TERM
Topical term or geographic name entry element REASONABLE ADJUSTMENTS
650 ## - SUBJECT ADDED ENTRY--TOPICAL TERM
Topical term or geographic name entry element TAX RELIEF
650 ## - SUBJECT ADDED ENTRY--TOPICAL TERM
Topical term or geographic name entry element DISABLED PEOPLE
650 ## - SUBJECT ADDED ENTRY--TOPICAL TERM
Topical term or geographic name entry element DISABILITY DISCRIMINATION ACT 1995
650 ## - SUBJECT ADDED ENTRY--TOPICAL TERM
Topical term or geographic name entry element TAX ALLOWANCES
650 ## - SUBJECT ADDED ENTRY--TOPICAL TERM
Topical term or geographic name entry element BUSINESSES
690 ## - LOCAL SUBJECT ADDED ENTRY--TOPICAL TERM (OCLC, RLIN)
Topical term or geographic name as entry element TAXATION
942 ## - ADDED ENTRY ELEMENTS (KOHA)
Suppress in OPAC 0
Holdings
Withdrawn status Lost status Source of classification or shelving scheme Damaged status Not for loan Home library Current library Shelving location Date acquired Total Checkouts Full call number Barcode Date last seen Copy number Price effective from Koha item type
    Dewey Decimal Classification     London London News article 04/10/2004   WB4038-18 127616-1001 06/08/2019 1 06/08/2019 News article